Hãy ngủ yên tình yêu /

Сохранить в:
Библиографические подробности
Главный автор: Quỳnh Dao.
Другие авторы: Liêu Quốc Nhĩ (dịch.)
Формат:
Язык:Vietnamese
Chinese
Опубликовано: Hà Nội : Hội nhà văn, 2000.
Предметы:
Метки: Добавить метку
Нет меток, Требуется 1-ая метка записи!
Thư viện lưu trữ: Mạng thư viện Đại học Đà Nẵng
LEADER 00914cam a2200349 i 4500
001 000046787
003 6295
005 20030911094739.0
008 010306b2000 vm 000 vie
020 |c 39000 
040 |a IRC  |c IRC  |d IRC 
041 1 |a vie  |h chi 
082 1 4 |a 895.105  |b QU-D 
100 1 |a Quỳnh Dao. 
245 0 0 |a Hãy ngủ yên tình yêu /  |c Quỳnh Dao ; Liêu Quốc Nhĩ dịch. 
260 |a Hà Nội :  |b Hội nhà văn,  |c 2000. 
300 |a 410tr. ;  |c 19cm. 
630 0 4 |a Văn học Trung Quốc. 
630 0 4 |a Tiểu thuyết. 
630 0 4 |a Quỳnh Dao. 
650 0 4 |a Tiểu thuyết Trung Quốc. 
700 1 |a Liêu Quốc Nhĩ,  |e dịch. 
OWN |a DUT 
999 |a From the UDN01 
TYP |a Monograph 
TYP |a Printed language 
980 |a Mạng thư viện Đại học Đà Nẵng